00349pab a2200121 454500008004000000100001700040245008400057260000900141300001300150362001100163650001900174773003400193180718b2012 xxu||||| |||| 00| 0 eng d aSen, Indrani aResisting patriarchy: Complexities and conflicts in the memoir of Haimabati Sen c2012 ap.55-62. a24 Mar aSen, Haimabati aEconomic and Political Weekly